000 00353nam a2200133Ia 4500
005 20260326100034.0
008 260326s9999||||xx |||||||||||||| ||und||
100 _aGutiérrez, Ramón
245 0 _aDocumentos para una Historia de la Arquitectura Argentina /
_cRamón Gutiérrez
260 _bSumma
300 _a94 p.
650 _aHISTORIA
942 _cBK
999 _c6706
_d6706